Big East College Football Teams in 2012 - Statistics

General Stats
  • This quiz has been taken 27 times
  • The average score is 9 of 16
Answer Stats
Answer % Correct
UConn
75%
Syracuse
71%
Orange
67%
Cardinals
63%
Louisville
63%
West Virginia
63%
Bearcats
58%
Cincinnati
58%
Huskies
58%
Mountaineers
58%
Pittsburgh
58%
Panthers
54%
Rutgers
54%
Scarlet Knights
42%
Bulls
38%
South Florida
38%
No matching quizzes found
Score Distribution
Percent of People with Each Score
Percentile by Number Answered
Your Score History
You have not taken this quiz